L'Efecte de la reforma educativa sobre la xarxa escolar a la província de Barcelona / Institut d'Estudis Metropolitans de Barcelona ; direcció: Francesc Colomé i Montserrat i Joan Mestres i Gavarró ; coordinació i edició: Montserrat Pallarès i Barberà Francesc Colomé i Montserrat i Joan Mestres i Gavarró ; coordinació i edició:
ISBN:
84-7794-090-8
Descripción Física:
111 p. ; 30 cm
Otros Autores:
Colomé i Montserrat, Francesc, dir
,
Mestres i Gavarró, Joan, dir
,
Pallarès Barberà, Montserrat, coord. I
Materias:
Reforma de l'educació -- Catalunya
MARC
| LEADER | 00000nam a2200000Ia 4500 | ||
|---|---|---|---|
| 001 | 8974 | ||
| 008 | 160829s1990 xx 000 0 cat d | ||
| 020 | |a 84-7794-090-8 | ||
| 080 | |a E-1-24 | ||
| 110 | 1 | |a Institut d'Estudis Metropolitans de Barcelona |9 52750 | |
| 245 | |a L'Efecte de la reforma educativa sobre la xarxa escolar a la província de Barcelona / Institut d'Estudis Metropolitans de Barcelona ; direcció: |b Francesc Colomé i Montserrat i Joan Mestres i Gavarró ; coordinació i edició: |b Montserrat Pallarès i Barberà | ||
| 260 | |a Barcelona : |b Diputació de Barcelona. Àrea d'Ensenyament, |c 1990 | ||
| 300 | |a 111 p. ; |c 30 cm | ||
| 650 | |a Reforma de l'educació |x Catalunya |9 42838 | ||
| 700 | |a Colomé i Montserrat, Francesc, dir. |9 35537 | ||
| 700 | |a Mestres i Gavarró, Joan, dir. |9 35551 | ||
| 700 | |a Pallarès Barberà, Montserrat, coord. I |9 35552 | ||
| 710 | 1 | |a Barcelona (Catalunya : Província). |b Àrea d'Ensenyament |9 55053 | |
| 901 | |a Arxiu | ||
| 942 | |n 1 | ||
| 952 | |0 0 |1 0 |4 0 |6 E124 |7 1 |9 46954 |a Arxiu |b Arxiu |d 2016-12-01 |l 0 |o E-1-24 |p 8974 |r 2016-12-01 00:00:00 |w 2016-12-01 |y ARXIU | ||
| 999 | |c 50747 |d 50747 | ||